| 000 | 00820nam a2200193Ia 4500 | ||
|---|---|---|---|
| 003 | GCL | ||
| 008 | 140319s9999 xx 000 0 ara d | ||
| 040 |
_aGCL / _cGCL |
||
| 082 | 0 | 4 |
_aط _b813.02 _bا م |
| 100 | 1 | _aاريت فايز تادرس | |
| 245 | 1 | 0 |
_aمغامرات ياسمينة \ ياسمينة والارنب المغامر - ياسمينة والحمار الوفى - ياسمينة والطائر المفقود - ياسمينة والبطة الجريحة - ياسمينة والخروف الصغير / _cاريت فايز تادرس |
| 260 |
_aالقاهرة : _bدار المعارف |
||
| 300 |
_aمتعدد ؛ _c24 سم |
||
| 490 |
_aمغامرات ياسمينة _v0 |
||
| 650 | 0 | 4 | _aالاطفال |
| 650 | 0 | 4 | _aقصص الاطفال |
| 650 | 0 | 4 | _aالقصص الخرافية |
| 942 |
_2ddc _cBK |
||
| 999 |
_c34679 _d34679 |
||